Electromechanical energy conversion-1: (Record no. 11816)
[ view plain ]
| 000 -LEADER | |
|---|---|
| fixed length control field | 01168nac a22002051u 4500 |
| 008 - FIXED-LENGTH DATA ELEMENTS--GENERAL INFORMATION | |
| fixed length control field | 090614t xxu||||| |||| 00| 0 eng d |
| 082 ## - DEWEY DECIMAL CLASSIFICATION NUMBER | |
| Classification number | 621.31042 |
| Item number | GUP |
| 100 ## - MAIN ENTRY--PERSONAL NAME | |
| Personal name | Gupta, J. B. |
| 9 (RLIN) | 6120 |
| 245 ## - TITLE STATEMENT | |
| Title | Electromechanical energy conversion-1: |
| Statement of responsibility, etc | J. B. Gupta |
| Remainder of title | For B. Tech. [Electrical engineering and electrical & electronics engineering] students / |
| 250 ## - EDITION STATEMENT | |
| Remainder of edition statement | Reprint 2007-2008 |
| 260 ## - PUBLICATION, DISTRIBUTION, ETC. (IMPRINT) | |
| Place of publication, distribution, etc | New Delhi: |
| Name of publisher, distributor, etc | S. K. Kataria, |
| Date of publication, distribution, etc | 2006 |
| 300 ## - PHYSICAL DESCRIPTION | |
| Extent | v. : |
| Other physical details | ill.; |
| Dimensions | 23 cm. |
| 500 ## - GENERAL NOTE | |
| General note | Includes index. |
| 650 ## - SUBJECT ADDED ENTRY--TOPICAL TERM | |
| Topical term or geographic name as entry element | Electric machinery |
| 9 (RLIN) | 6121 |
| 650 ## - SUBJECT ADDED ENTRY--TOPICAL TERM | |
| Topical term or geographic name as entry element | Electric egineering |
| 9 (RLIN) | 6122 |
| 942 ## - ADDED ENTRY ELEMENTS (KOHA) | |
| Item type | Book - Borrowing |
| Call number prefix | 621.31042GUP |
| Source of classification or shelving scheme | Dewey Decimal Classification |
| Withdrawn status | Item status | Source of classification or shelving scheme | Damaged status | Not for loan | Vendor | Home library | Current library | Shelving location | Date acquired | Source of acquisition | Cost, normal purchase price | Serial Enumeration / chronology | Total Checkouts | Full call number | Barcode | Date last seen | Koha item type | Date last borrowed |
|---|---|---|---|---|---|---|---|---|---|---|---|---|---|---|---|---|---|---|
| Dewey Decimal Classification | Alahram | Central Library | Central Library | First floor | 14/06/2009 | 91.00 | 358 | 621.31042 GUP | 000016766 | 15/07/2025 | Book - Borrowing | |||||||
| Dewey Decimal Classification | Alahram | Central Library | Central Library | First floor | 24/06/2009 | 68.50 | 358 | 1 | 621.31042 GUP | 000016957 | 15/07/2025 | Book - Borrowing | 29/01/2012 | |||||
| Dewey Decimal Classification | Alahram | Central Library | Central Library | First floor | 09/02/2010 | 80.00 | 27 | 1 | 621.31042 GUP | 000019188 | 15/07/2025 | NB - Book (Non borrowing) | 01/02/2012 |